[Event "33rd Rilton Cup"]
[Site "Stockholm SWE"]
[Date "2003.12.30"]
[Round "4"]
[White "Seeman,T"]
[Black "Nygren,D"]
[Result "1-0"]
[WhiteElo "2429"]
[BlackElo "2206"]
[EventDate "2003.12.27"]

1. Nf3 f5 2. d3 Nf6 3. e4 d6 4. exf5 Bxf5 5. d4 Nc6 6. c4 e5 7. d5 Nb8 8.
Nc3 Be7 9. Bd3 Bg4 10. h3 Bxf3 11. Qxf3 O-O 12. O-O a6 13. Be3 Qe8 14. Rae1
Nbd7 15. Bf5 Rd8 16. Qd1 Nh5 17. Bg4 Nf4 18. g3 h5 19. Bxd7 Qxd7 20. Bxf4
exf4 21. Qxh5 Rf5 22. Qg4 Rdf8 23. Ne2 Bf6 24. Nxf4 Bxb2 25. Ng6 1-0

[Event "33rd Rilton Cup"]
[Site "Stockholm SWE"]
[Date "2003.12.30"]
[Round "4"]
[White "Lappalainen,T"]
[Black "Valenti,G"]
[Result "1/2-1/2"]
[WhiteElo "2194"]
[BlackElo "2305"]
[EventDate "2003.12.27"]

1. Nf3 Nf6 2. c4 c5 3. g3 b6 4. Bg2 Bb7 5. O-O e6 6. Nc3 Be7 7. a3 O-O 8.
Rb1 d5 9. cxd5 exd5 10. d4 Nc6 11. Bg5 c4 12. Ne5 Nxe5 13. dxe5 Ne4 14.
Bxe7 Qxe7 15. Nxe4 dxe4 16. Qd4 Rad8 17. Qxc4 Qxe5 1/2-1/2

[Event "33rd Rilton Cup"]
[Site "Stockholm SWE"]
[Date "2003.12.30"]
[Round "4"]
[White "Carstensen,J"]
[Black "Henriksson,J"]
[Result "1/2-1/2"]
[WhiteElo "2280"]
[BlackElo "2187"]
[EventDate "2003.12.27"]

1. d4 Nf6 2. c4 e6 3. Nf3 b6 4. g3 Ba6 5. Nbd2 d5 6. Bg2 Be7 7. O-O O-O 8.
Ne5 Bb7 9. b3 Nbd7 10. Bb2 c5 11. e3 Qc7 12. Rc1 dxc4 13. Bxb7 Qxb7 14.
Nxd7 Qxd7 15. dxc5 Rfd8 16. Nxc4 Qxd1 17. Rfxd1 Bxc5 18. Ne5 Nd5 19. Nc6
Rd6 20. e4 Rxc6 21. exd5 Rd6 22. dxe6 Rxe6 23. Re1 1/2-1/2

[Event "33rd Rilton Cup"]
[Site "Stockholm SWE"]
[Date "2003.12.30"]
[Round "4"]
[White "Stokke,K"]
[Black "Hjelm,N"]
[Result "0-1"]
[WhiteElo "2197"]
[BlackElo "2350"]
[EventDate "2003.12.27"]

1. e4 c5 2. Nc3 Nc6 3. f4 g6 4. Nf3 Bg7 5. Bc4 e6 6. f5 Nge7 7. fxe6 dxe6
8. d3 O-O 9. O-O Nd4 10. Bg5 h6 11. Bf4 Nec6 12. Qd2 Kh7 13. a3 b6 14. Rae1
f6 15. Ne2 Nxf3+ 16. Rxf3 g5 17. Bb5 Bb7 18. Be3 f5 19. Rh3 f4 20. Nxf4
gxf4 21. Bxf4 Qf6 22. Bg5 Qg6 23. Bxh6 Bxh6 24. Ree3 Rf6 25. Reg3 Qf7 26.
Rf3 Qg7 27. Rfg3 Rg6 28. Rxh6+ Qxh6 29. Rh3 Qxh3 0-1

[Event "33rd Rilton Cup"]
[Site "Stockholm SWE"]
[Date "2003.12.30"]
[Round "4"]
[White "Leino,J"]
[Black "Poley,V"]
[Result "1/2-1/2"]
[WhiteElo "2204"]
[BlackElo "2425"]
[EventDate "2003.12.27"]

1. e4 g6 2. d4 Bg7 3. Nc3 c6 4. Nf3 d5 5. h3 Nh6 6. Bf4 dxe4 7. Nxe4 Qa5+
8. c3 Qf5 9. Bxh6 Bxh6 10. Bd3 Qd5 11. O-O O-O 12. Re1 Nd7 13. Qe2 Nf6 14.
Nxf6+ exf6 15. Bc4 Qh5 16. Rad1 Bf4 17. d5 Bxh3 18. gxh3 Qxh3 19. dxc6 bxc6
20. Rd4 Qg4+ 21. Kf1 Qh3+ 22. Kg1 g5 23. Qd1 Qg4+ 24. Kf1 Qh3+ 25. Kg1 c5
26. Rd7 g4 27. Bf1 Qxf3 28. Qxf3 gxf3 29. Bc4 Be5 30. Re3 Rad8 31. Red3
Rxd7 32. Rxd7 h5 33. Rd3 Rb8 34. b3 h4 35. Rxf3 Rd8 36. Rd3 Rxd3 37. Bxd3
h3 38. b4 Bxc3 39. bxc5 Be5 40. Kf1 Kg7 41. Bf5 h2 42. Kg2 Kh6 43. Bd7 Kg6
44. c6 f5 45. c7 Bxc7 46. Bc6 Kg5 47. f3 Kf6 48. a4 Ke6 49. Bb5 a5 50. Be8
f6 51. Bb5 Bg3 52. Be8 Ke5 53. Bb5 Kf4 54. Bc6 Ke3 55. Bb7 1/2-1/2

[Event "33rd Rilton Cup"]
[Site "Stockholm SWE"]
[Date "2003.12.30"]
[Round "4"]
[White "Lehikoinen,P"]
[Black "Fries Nielsen,JO"]
[Result "1-0"]
[WhiteElo "2235"]
[BlackElo "2436"]
[EventDate "2003.12.27"]

1. d4 c5 2. d5 g6 3. c4 Bg7 4. e4 d6 5. Nf3 Nf6 6. Nc3 O-O 7. h3 Na6 8. Bd3
Nc7 9. O-O e5 10. dxe6 Nxe6 11. Be3 Nh5 12. Qd2 f5 13. exf5 gxf5 14. Bc2
Qe7 15. Nd5 Qf7 16. Bxf5 Nf6 17. Bxe6 Bxe6 18. Ng5 Qd7 19. Nxe6 Qxe6 20.
Nc7 Qxc4 21. Rfc1 Qf7 22. Nxa8 Rxa8 23. Qxd6 Ne4 24. Qd3 Re8 25. Rc2 b6 26.
a4 Be5 27. Rd1 Re6 28. Qd8+ Re8 29. Qd5 Re6 30. Qd8+ Re8 31. Qd7 Qg6 32.
Qg4 1-0

[Event "33rd Rilton Cup"]
[Site "Stockholm SWE"]
[Date "2003.12.30"]
[Round "4"]
[White "Nordlund,J"]
[Black "Winge,S"]
[Result "1-0"]
[WhiteElo "2145"]
[BlackElo "2284"]
[EventDate "2003.12.27"]

1. e4 c5 2. Nf3 Nc6 3. d4 cxd4 4. Nxd4 Nf6 5. Nc3 e5 6. Ndb5 d6 7. Bg5 a6
8. Na3 b5 9. Bxf6 gxf6 10. Nd5 f5 11. c3 Bg7 12. exf5 Bxf5 13. Nc2 O-O 14.
Nce3 Bg6 15. h4 Be4 16. h5 Qg5 17. Be2 f5 18. h6 Bxh6 19. Nc7 Rad8 20. Ne6
Qg6 21. Nxf8 Kxf8 22. Bh5 Qg7 23. Bf3 d5 24. Bxe4 Bxe3 25. Qf3 Bd2+ 26. Kf1
dxe4 27. Qxf5+ Qf7 28. Qxe4 Qg6 29. Qxg6 hxg6 30. Rh8+ Ke7 31. Rxd8 Nxd8
32. Ke2 Bg5 33. a4 Nc6 34. axb5 axb5 35. Ra6 Kd6 36. b4 Bd8 37. c4 Kd7 38.
cxb5 Nd4+ 39. Kd3 g5 40. Kc4 Ne6 41. b6 Nd4 42. b5 Nf5 43. Ra7+ Ke6 44. b7
Bc7 45. b6 Nd6+ 46. Kc5 Bb8 47. Ra8 Nxb7+ 48. Kc6 Nd8+ 49. Kb5 1-0

[Event "33rd Rilton Cup"]
[Site "Stockholm SWE"]
[Date "2003.12.30"]
[Round "4"]
[White "Ivanov,Se1"]
[Black "Eriksson,Jor"]
[Result "1-0"]
[WhiteElo "2556"]
[BlackElo "2217"]
[EventDate "2003.12.27"]

1. d4 d5 2. c4 e6 3. Nc3 c6 4. Nf3 dxc4 5. a4 Bb4 6. e3 b5 7. Bd2 a5 8.
axb5 Bxc3 9. Bxc3 cxb5 10. b3 Bb7 11. bxc4 b4 12. Bb2 Nf6 13. Bd3 O-O 14.
O-O Nbd7 15. Nd2 e5 16. Bc2 Qc7 17. Ba4 exd4 18. exd4 Nb6 19. Bb5 Ne4 20.
Nxe4 Bxe4 21. Re1 Bc6 22. d5 Bxb5 23. Qd4 f6 24. cxb5 Rfd8 25. Rac1 Qb7 26.
d6 Rac8 27. h3 Rxc1 28. Rxc1 Nd5 29. Rc6 Qxb5 30. Rc5 Nf4 31. Rxb5 Ne2+ 32.
Kf1 Nxd4 33. Bxd4 Rxd6 34. Be3 Ra6 35. Ke2 a4 36. Rxb4 a3 37. Rb8+ Kf7 38.
Rb7+ Ke6 39. Ra7 Rxa7 40. Bxa7 Kd5 41. Kd3 1-0

[Event "33rd Rilton Cup"]
[Site "Stockholm SWE"]
[Date "2003.12.30"]
[Round "4"]
[White "Nataf,IA"]
[Black "Moen,A"]
[Result "1/2-1/2"]
[WhiteElo "2561"]
[BlackElo "2239"]
[EventDate "2003.12.27"]

1. e4 e5 2. Nf3 Nf6 3. Nxe5 d6 4. Nf3 Nxe4 5. c4 Be7 6. Nc3 Nxc3 7. bxc3
O-O 8. d4 Bf5 9. Bd3 Bxd3 10. Qxd3 c6 11. Rb1 Nd7 12. Rxb7 Nb6 13. O-O Bf6
14. Qf5 Qc8 15. Qxc8 Rfxc8 16. g4 Rcb8 17. Rc7 Rc8 18. Rxc8+ Rxc8 19. Re1
Kf8 20. c5 dxc5 21. dxc5 Bxc3 22. Bd2 Bxd2 23. Nxd2 Nd7 24. Nb3 Rc7 25. h3
Rb7 26. Rd1 Ke7 27. Nd4 Rc7 28. Rc1 Kf6 29. f4 g5 30. fxg5+ Kxg5 31. Rf1
Kg6 32. Rf5 f6 33. Rh5 Ne5 34. Ne6 Re7 35. Nf4+ Kg7 36. Kf2 Ng6 37. Rf5
Nxf4 38. Rxf4 Re5 39. Ra4 Rxc5 40. Rxa7+ Kg6 41. a4 f5 42. gxf5+ Rxf5+ 43.
Kg3 Rg5+ 44. Kh2 Rc5 45. a5 Rc2+ 46. Kg1 Rc3 47. Kg2 Rc2+ 48. Kf1 Rc3 49.
Rc7 Rxh3 50. a6 Ra3 51. a7 c5 52. Rc6+ Kg7 53. Rc7+ Kg6 54. Rc6+ Kg7 55.
Rc7+ Kg6 1/2-1/2

[Event "33rd Rilton Cup"]
[Site "Stockholm SWE"]
[Date "2003.12.30"]
[Round "4"]
[White "Gullaksen,E"]
[Black "Andersson,G1"]
[Result "1-0"]
[WhiteElo "2370"]
[BlackElo "2194"]
[EventDate "2003.12.27"]

1. e4 e6 2. d4 d5 3. Nc3 Bb4 4. e5 Ne7 5. a3 Bxc3+ 6. bxc3 c5 7. Qg4 O-O 8.
Bd3 Nbc6 9. Nf3 f5 10. exf6 Rxf6 11. Qh5 h6 12. O-O c4 13. Be2 Bd7 14. Ne5
Be8 15. Qh3 Nxe5 16. dxe5 Rf5 17. f4 h5 18. Be3 Qa5 19. Bd4 Qa4 20. Ra2 b6
21. Qh4 Ng6 22. Qg3 Bf7 23. Qe3 Rf8 24. g3 Ne7 25. h3 Bg6 26. g4 R5f7 27.
f5 Bh7 28. f6 Nc6 29. g5 g6 30. Kh2 Rd7 31. Bxh5 gxh5 32. g6 Bxg6 33. Qh6
Rh7 34. Qxg6+ Kh8 35. Rg1 Nxd4 36. cxd4 Qe8 37. c3 Qxg6 38. Rxg6 Rg8 39.
Rag2 Rxg6 40. Rxg6 b5 41. Kg3 a5 42. Kf4 b4 43. axb4 axb4 44. cxb4 Rb7 45.
Ke3 Rxb4 46. f7 Rb8 47. Rxe6 Kg7 48. Re7 Rb3+ 49. Kd2 Rd3+ 50. Kc2 Kf8 51.
Rd7 Re3 52. h4 Re4 53. Kc3 Re3+ 54. Kb4 Re1 55. Kc5 c3 56. Kxd5 c2 57. e6
Kg7 58. Rd8 Rf1 59. Rg8+ Kh7 60. Rc8 c1=Q 61. Rxc1 1-0

[Event "33rd Rilton Cup"]
[Site "Stockholm SWE"]
[Date "2003.12.30"]
[Round "4"]
[White "Gagarin,V"]
[Black "Lindberg,H"]
[Result "1/2-1/2"]
[WhiteElo "2439"]
[BlackElo "2208"]
[EventDate "2003.12.27"]

1. d4 Nf6 2. c4 e6 3. Nc3 Bb4 4. e3 c5 5. Bd3 Nc6 6. Nge2 cxd4 7. exd4 d5
8. cxd5 Nxd5 9. O-O Be7 10. Be4 Bf6 11. a3 O-O 12. Qd3 g6 13. Bh6 Re8 14.
Rfd1 Nce7 15. Qf3 b6 16. Bxd5 Nxd5 17. Nxd5 exd5 18. Nc3 Be6 19. Bf4 Rc8
20. Be5 Bg7 21. Bxg7 Kxg7 22. Re1 Qf6 23. Qxf6+ Kxf6 24. f3 Red8 25. Rad1
Rc4 26. Kf2 a6 27. Rd2 Ke7 28. Nd1 Kd6 29. Ne3 Rc7 30. Rc2 Rxc2+ 31. Nxc2
Rc8 32. Ne3 f6 33. Ke2 Bd7 34. Kd2 Rc7 35. h4 h6 36. Rc1 Rxc1 37. Kxc1 g5
38. g3 Be6 39. Kd2 Bd7 40. Nd1 Be6 41. hxg5 hxg5 42. Nc3 Bd7 43. Ke3 Be6
44. Kd2 Bd7 45. Nd1 Be6 46. Ne3 f5 47. Nd1 Bd7 48. Nf2 Ke6 49. Nd3 Bb5 50.
Ne5 Be8 51. Kc3 Bb5 52. Kb4 Be2 53. Kb3 Bd1+ 54. Kc3 Be2 55. Kb4 Ke7 56. b3
Ke6 57. Kc3 Bd1 58. b4 Ba4 59. Nd3 Be8 60. Kb3 Bb5 61. Ne5 Be2 62. Kc3 Bb5
63. Kd2 Ke7 64. Kc2 Ke6 65. f4 g4 66. Kb3 Bd7 67. Nd3 Bb5 68. Nb2 Kd6 69.
Nd1 Be8 70. a4 Bc6 71. Nb2 Bd7 72. Nd3 Bc8 73. a5 b5 74. Nc5 1/2-1/2

[Event "33rd Rilton Cup"]
[Site "Stockholm SWE"]
[Date "2003.12.30"]
[Round "4"]
[White "Ong,Kez"]
[Black "Fontaine,R"]
[Result "0-1"]
[WhiteElo "2207"]
[BlackElo "2526"]
[EventDate "2003.12.27"]

1. e4 e5 2. Nf3 d6 3. d4 exd4 4. Nxd4 Nf6 5. Nc3 Be7 6. g3 d5 7. exd5 Nxd5
8. Ndb5 Nxc3 9. Qxd8+ Bxd8 10. Nxc3 Bf5 11. Bg2 Nc6 12. O-O O-O 13. Be3
Bxc2 14. Rac1 Bf5 15. Bxc6 bxc6 16. Na4 Be4 17. Rfe1 Re8 18. Bd4 Bg5 19. f4
Bh6 20. Nc3 Bf5 21. Rxe8+ Rxe8 22. Bxa7 g5 23. fxg5 Bxg5 24. Ra1 Ra8 25.
Bf2 Ra5 26. Re1 Bf6 27. Re2 Kg7 28. Rd2 Kg6 29. h4 h5 30. Bd4 Be7 31. a3
Bd6 32. Ne2 Bg4 33. Nf4+ Kf5 34. Bc3 Ra4 35. Kg2 Bc5 36. Rd7 Bd6 37. Rxf7+
Ke4 38. Rh7 Ke3 39. Nxh5 Bf3+ 40. Kh3 Rg4 41. Rg7 Rc4 42. Nf6 Kf2 43. Ng4+
Kg1 44. h5 Bf8 45. Rg6 Be7 46. Ne3 Re4 47. g4 Rxe3 48. Kg3 Bd5+ 49. Kf4
Rf3+ 50. Ke5 Bh4 51. Bb4 Kf2 52. Kd4 Ke2 53. Bc3 Bf2+ 54. Ke5 Bg3+ 55. Kd4
Rf4+ 56. Ke5 Kd3 57. Rf6 Rf3+ 0-1

[Event "33rd Rilton Cup"]
[Site "Stockholm SWE"]
[Date "2003.12.31"]
[Round "5"]
[White "Schlosser,P"]
[Black "Braun,A"]
[Result "1/2-1/2"]
[WhiteElo "2560"]
[BlackElo "2440"]
[EventDate "2003.12.27"]

1. Nf3 d5 2. d4 Nf6 3. c4 c6 4. e3 Bg4 5. Nc3 e6 6. h3 Bxf3 7. Qxf3 Bd6 8.
Bd3 Nbd7 9. O-O O-O 10. Bd2 Re8 11. Qd1 dxc4 12. Bxc4 Qb6 13. Qc2 Rac8 14.
Rfd1 Bb8 15. Rac1 c5 16. dxc5 Nxc5 17. Be1 a6 18. Bf1 h5 19. g3 h4 20. g4
Nce4 21. Bg2 Nxc3 22. bxc3 Qc7 23. Qb3 b5 24. a4 Qh2+ 25. Kf1 Rc5 26. axb5
axb5 27. Qa3 Qc7 28. Rb1 Nd5 29. Qa6 Rd8 30. Rd4 Rd6 31. Qa3 Nb6 32. Rbd1
Nc4 33. Qa8 g6 34. Qb7 Qd8 35. Ra1 Nb6 36. Rad1 Kg7 37. Qa6 Nc4 38. Qb7 Bc7
39. Kg1 Qf6 40. Rxd6 Bxd6 41. Qe4 Be5 42. g5 Qe7 43. Qxh4 Nd6 44. Qb4 Rc4
45. Qa3 Ra4 46. Qb3 Qa7 47. Kh1 Ra3 48. Qb4 1/2-1/2

[Event "33rd Rilton Cup"]
[Site "Stockholm SWE"]
[Date "2003.12.31"]
[Round "5"]
[White "Aagaard,J"]
[Black "Ivanov,Se1"]
[Result "0-1"]
[WhiteElo "2373"]
[BlackElo "2556"]
[EventDate "2003.12.27"]

1. d4 Nf6 2. c4 e6 3. Nf3 d5 4. Nc3 c6 5. Bg5 dxc4 6. e4 b5 7. a4 Qb6 8.
Bxf6 gxf6 9. Be2 Bb7 10. O-O Nd7 11. d5 cxd5 12. exd5 b4 13. a5 Qa6 14. Qa4
exd5 15. Nb5 O-O-O 16. Nfd4 Kb8 17. b3 Nc5 18. Qa2 Nxb3 19. Nxb3 Qxb5 20.
a6 Qxa6 21. Qxa6 Bxa6 22. Rxa6 cxb3 23. Rb1 Bc5 24. Kf1 Bd4 25. Rxb3 Bc3
0-1

[Event "33rd Rilton Cup"]
[Site "Stockholm SWE"]
[Date "2003.12.31"]
[Round "5"]
[White "Berkes,F"]
[Black "Nordlund,J"]
[Result "1-0"]
[WhiteElo "2616"]
[BlackElo "2145"]
[EventDate "2003.12.27"]

1. b3 d6 2. Bb2 e5 3. e3 f5 4. d4 e4 5. c4 Nf6 6. Nc3 g6 7. h4 Bg7 8. h5
Nxh5 9. Rxh5 gxh5 10. Qxh5+ Kf8 11. Nge2 Qe8 12. Qh2 Be6 13. Nf4 Bf7 14.
Be2 Nc6 15. Ncd5 Qd7 16. Bh5 Ne7 17. O-O-O Nxd5 18. cxd5 b5 19. g4 Bxd5 20.
Nxd5 Qc6+ 21. Nc3 b4 22. Qf4 bxc3 23. Qxf5+ Ke7 24. Qf7+ Kd8 25. Qxg7 cxb2+
26. Kxb2 Re8 27. Bxe8 Qxe8 28. Rc1 1-0

[Event "33rd Rilton Cup"]
[Site "Stockholm SWE"]
[Date "2003.12.31"]
[Round "5"]
[White "Fontaine,R"]
[Black "Gullaksen,E"]
[Result "1-0"]
[WhiteElo "2526"]
[BlackElo "2370"]
[EventDate "2003.12.27"]

1. e4 e5 2. Nf3 Nc6 3. Bb5 a6 4. Ba4 Nf6 5. O-O b5 6. Bb3 Bc5 7. a4 Bb7 8.
d3 d6 9. Nc3 b4 10. Nd5 Na5 11. Bg5 Nxb3 12. Bxf6 gxf6 13. cxb3 f5 14. Qd2
fxe4 15. dxe4 O-O 16. Qh6 Bxd5 17. Ng5 Bxe4 18. Nxe4 f6 19. Nxc5 dxc5 20.
Rac1 Qd3 21. Rxc5 Rf7 22. Rfc1 Qxb3 23. h3 Qxa4 24. Rxc7 Qe8 25. R1c4 Qf8
26. Qc1 Rd8 27. Rxf7 Qxf7 28. Rxb4 Qe6 29. Qc7 Rd7 30. Qb8+ Kf7 31. Rg4 Qc6
32. Qg8+ Ke7 33. Qxh7+ Kd6 34. Qd3+ Ke6 35. Qb3+ Qd5 36. Qb8 Qd2 37. Qb6+
Rd6 38. Qb3+ Kf5 39. Qb7 Qe1+ 40. Kh2 Qxf2 41. Qc8+ Re6 42. Qd7 e4 43. Qh7+
Ke5 44. Qxe4+ Kd6 45. Qb4+ Kc6 46. Qc4+ Kd6 47. Rd4+ Ke7 48. Qc5+ Ke8 49.
Rd8+ 1-0

[Event "33rd Rilton Cup"]
[Site "Stockholm SWE"]
[Date "2003.12.31"]
[Round "5"]
[White "Moen,A"]
[Black "Seeman,T"]
[Result "1/2-1/2"]
[WhiteElo "2239"]
[BlackElo "2429"]
[EventDate "2003.12.27"]

1. d4 Nf6 2. c4 g6 3. Nf3 Bg7 4. g3 O-O 5. Bg2 d6 6. Nc3 Nc6 7. O-O Bf5 8.
d5 Na5 9. Nd4 Bd7 10. Qd3 c5 11. Nc2 a6 12. Rb1 Qc7 13. b3 Rab8 14. Bd2 b5
15. h3 bxc4 16. bxc4 Rxb1 17. Rxb1 Rb8 18. e4 Rxb1+ 19. Nxb1 e6 20. Ne3
exd5 21. exd5 Qb6 22. Na3 h5 23. f4 Be8 24. Kh2 Nb7 25. Qc2 Nd7 26. g4 hxg4
27. hxg4 Qb2 28. Qxb2 Bxb2 29. Nac2 1/2-1/2

[Event "33rd Rilton Cup"]
[Site "Stockholm SWE"]
[Date "2003.12.31"]
[Round "5"]
[White "Hermansson,E"]
[Black "Leino,J"]
[Result "1-0"]
[WhiteElo "2422"]
[BlackElo "2204"]
[EventDate "2003.12.27"]

1. e4 c5 2. Nf3 d6 3. d4 cxd4 4. Nxd4 Nf6 5. Nc3 a6 6. Be3 e5 7. Nb3 Be7 8.
f3 Be6 9. Qd2 O-O 10. O-O-O Nbd7 11. g4 Nb6 12. g5 Nfd7 13. h4 Nc5 14. f4
exf4 15. Bxf4 Bg4 16. Be2 Bxe2 17. Qxe2 Qc7 18. Nxc5 Qxc5 19. Be3 Qa5 20.
Bxb6 Qxb6 21. Nd5 Qd8 22. Rhf1 Rc8 23. Qg4 Rc5 24. e5 1-0

[Event "33rd Rilton Cup"]
[Site "Stockholm SWE"]
[Date "2003.12.31"]
[Round "5"]
[White "Lindberg,H"]
[Black "Sjoberg,M"]
[Result "1/2-1/2"]
[WhiteElo "2208"]
[BlackElo "2329"]
[EventDate "2003.12.27"]

1. c4 Nf6 2. Nc3 e6 3. e4 e5 4. Nf3 Nc6 5. d4 Bb4 6. d5 Ne7 7. Bd2 Ng6 8.
Qc2 O-O 9. g3 d6 10. Bg2 c6 11. O-O cxd5 12. cxd5 Bd7 13. Rfe1 Qb6 14. Qb3
Rac8 15. Na4 Bxa4 16. Qxb4 Bc2 17. Ng5 h6 18. Qxb6 axb6 19. Nh3 Nd7 1/2-1/2

[Event "33rd Rilton Cup"]
[Site "Stockholm SWE"]
[Date "2003.12.31"]
[Round "5"]
[White "Lappalainen,T"]
[Black "Lindberg,Bo"]
[Result "0-1"]
[WhiteElo "2194"]
[BlackElo "2294"]
[EventDate "2003.12.27"]

1. c4 c5 2. g3 g6 3. Bg2 Bg7 4. Nc3 Nc6 5. e3 e6 6. Nge2 Nge7 7. O-O O-O 8.
d4 cxd4 9. exd4 d5 10. cxd5 Nxd5 11. Nxd5 exd5 12. Qb3 Bg4 13. Nf4 Nxd4 14.
Qxd5 Qxd5 15. Bxd5 g5 16. f3 Bd7 17. Nd3 Bb5 18. Nc5 Nc2 19. Rd1 Nxa1 20.
Bxb7 Rad8 21. Rxd8 Rxd8 22. Be3 Nc2 23. Bf2 Rd1+ 24. Kg2 Bf1+ 25. Kg1 Bh3+
26. Be1 Bd4+ 0-1

[Event "33rd Rilton Cup"]
[Site "Stockholm SWE"]
[Date "2003.12.31"]
[Round "5"]
[White "Valenti,G"]
[Black "Osttveit,M"]
[Result "0-1"]
[WhiteElo "2305"]
[BlackElo "2040"]
[EventDate "2003.12.27"]

1. e4 g6 2. d4 Bg7 3. Nc3 c6 4. Be3 d6 5. Qd2 Nf6 6. f3 Qa5 7. Bd3 b5 8.
Nge2 Nbd7 9. O-O O-O 10. a4 b4 11. Na2 Rb8 12. c3 bxc3 13. Nexc3 c5 14.
dxc5 dxc5 15. Bf4 e5 16. Be3 Rd8 17. Bb5 Nf8 18. Qf2 Ne6 19. Bxc5 Nxc5 20.
Qxc5 Nd7 21. Qf2 Bf8 22. Kh1 a6 23. Bc4 Qc7 24. b3 Nb6 25. Nd5 Nxd5 26.
Bxd5 Qa5 27. Qa7 Be6 28. Bxe6 fxe6 29. Qe3 Qd2 30. Qxd2 Rxd2 31. Rfd1 Rxd1+
32. Rxd1 Rxb3 33. Nc1 Rb1 34. Re1 0-1

[Event "33rd Rilton Cup"]
[Site "Stockholm SWE"]
[Date "2003.12.31"]
[Round "5"]
[White "Richards,H"]
[Black "Nataf,IA"]
[Result "0-1"]
[WhiteElo "2236"]
[BlackElo "2561"]
[EventDate "2003.12.27"]

1. e4 c6 2. d4 d5 3. f3 e6 4. Nc3 Bb4 5. Bf4 Ne7 6. Nge2 O-O 7. a3 Ba5 8.
Qd2 Nd7 9. h4 b5 10. Nc1 c5 11. dxc5 d4 12. Qxd4 e5 13. Bxe5 Nc6 14. Qd5
Ndxe5 15. b4 Qf6 16. Qd2 Rd8 17. Nd5 Nxf3+ 18. gxf3 Qxa1 19. bxa5 Be6 20.
Bxb5 Nd4 21. Be2 Bxd5 22. exd5 Re8 23. Kf2 Nxe2 24. d6 Nxc1 25. Rxc1 Qe5
26. Kg2 Qxc5 27. d7 Red8 28. Re1 h6 29. Qd3 Qc6 30. Re7 Kf8 0-1

[Event "33rd Rilton Cup"]
[Site "Stockholm SWE"]
[Date "2003.12.31"]
[Round "5"]
[White "Edlund,R"]
[Black "Kiik,K"]
[Result "0-1"]
[WhiteElo "2227"]
[BlackElo "2433"]
[EventDate "2003.12.27"]

1. Nc3 d5 2. e4 d4 3. Nce2 e5 4. Ng3 Be6 5. Nf3 Nd7 6. c3 c5 7. Bb5 Bd6 8.
b4 Ngf6 9. bxc5 Bxc5 10. Nxe5 O-O 11. Nxd7 Nxd7 12. O-O Ne5 13. Nf5 d3 14.
Ne3 a6 15. Ba4 Qh4 16. f3 Rad8 17. Bb3 Bc4 18. Qe1 Qxe1 19. Rxe1 b5 20. Kf1
Rfe8 21. h3 h5 22. f4 Ng6 23. Nxc4 bxc4 24. Bxc4 Nxf4 25. Bxa6 Re6 26. g3
Rxa6 27. gxf4 Rg6 28. Re3 Bxe3 29. dxe3 d2 30. Bxd2 Rxd2 31. a4 0-1

[Event "33rd Rilton Cup"]
[Site "Stockholm SWE"]
[Date "2003.12.31"]
[Round "5"]
[White "Poley,V"]
[Black "Kosmo,S"]
[Result "1-0"]
[WhiteElo "2425"]
[BlackElo "2218"]
[EventDate "2003.12.27"]

1. b4 d6 2. Bb2 e5 3. c4 f5 4. e3 Nf6 5. Nc3 Be7 6. d4 O-O 7. Be2 c6 8. Nf3
e4 9. Nd2 d5 10. Qb3 Kh8 11. a4 f4 12. exf4 Qd6 13. g3 Qxb4 14. Qc2 Qb6 15.
O-O Na6 16. Rfb1 Nb4 17. Qb3 a5 18. c5 Qd8 19. Ba3 Na6 20. Nf1 Nc7 21. Qd1
Ne6 22. Bc1 Ng8 23. Be3 Nh6 24. Ra3 Qe8 25. f3 exf3 26. Bxf3 Nf5 27. Bf2
Bf6 28. Ne2 Qg6 29. Rbb3 Qf7 30. Bg2 g6 31. h3 Rb8 32. Nh2 h5 33. Nf3 Qg7
34. g4 Nh6 35. g5 Bd8 36. gxh6 Qxh6 37. Ne5 Bc7 38. Rg3 Bxe5 39. fxe5 1-0

[Event "33rd Rilton Cup"]
[Site "Stockholm SWE"]
[Date "2003.12.31"]
[Round "5"]
[White "Fries Nielsen,JO"]
[Black "Marttala,T"]
[Result "1-0"]
[WhiteElo "2436"]
[BlackElo "2227"]
[EventDate "2003.12.27"]

1. e4 e5 2. Nc3 Nf6 3. g3 Bb4 4. Bg2 O-O 5. Nge2 c6 6. d4 d6 7. O-O Nbd7 8.
a3 Ba5 9. h3 Re8 10. Be3 Bb6 11. Kh2 exd4 12. Bxd4 Qe7 13. Bxb6 axb6 14.
Nf4 Ne5 15. a4 Ng6 16. Nxg6 hxg6 17. Qd4 Nd7 18. Rad1 Nc5 19. f4 f5 20.
Rfe1 fxe4 21. b4 d5 22. bxc5 bxc5 23. Qe3 Qf8 24. Nxd5 cxd5 25. Rxd5 Rxa4
26. Rxc5 Qf7 27. Qc3 Bf5 28. Rc7 Ra3 29. Qc5 Qf8 30. Qxf8+ Kxf8 31. g4 Be6
32. Rxe4 Bf7 33. Rxe8+ Bxe8 34. Rxb7 Rc3 35. Be4 Rc4 36. Bd3 Rxf4 37. Kg3
Rf6 38. Rc7 Rd6 39. Kf4 Rd5 40. g5 Bd7 41. Bxg6 Bxh3 42. Rf7+ Kg8 43. Re7
Rd8 44. Ke5 Bf1 45. Rc7 Bh3 46. c4 1-0

[Event "33rd Rilton Cup"]
[Site "Stockholm SWE"]
[Date "2003.12.31"]
[Round "5"]
[White "Haapasalo,JP"]
[Black "Lobron,E"]
[Result "1/2-1/2"]
[WhiteElo "2146"]
[BlackElo "2497"]
[EventDate "2003.12.27"]

1. e4 c5 2. Nc3 e6 3. g3 d5 4. exd5 exd5 5. Bg2 Nf6 6. Nge2 d4 7. Ne4 Nxe4
8. Bxe4 Bd6 9. d3 O-O 10. O-O Nc6 11. Bg2 Re8 12. Nf4 Ne5 13. h3 Rb8 14. c3
dxc3 15. bxc3 b5 16. d4 cxd4 17. cxd4 Nc4 18. Nd5 Bb7 19. Qh5 Qd7 20. Qg5
Qe6 21. Nf4 Qe7 22. Qxe7 Rxe7 23. Nd5 Rd7 24. Ne3 Bxg2 25. Kxg2 Nb6 26. Rb1
a6 27. Nf5 Rc8 28. Re1 Bf8 29. Be3 f6 30. Rec1 Rdc7 31. Rxc7 Rxc7 32. Rc1
Rxc1 33. Bxc1 Nd5 34. Bd2 Bb4 35. Ne3 Nxe3+ 36. Bxe3 Kf7 37. Kf3 Ke6 38.
Ke4 f5+ 39. Kd3 Kd5 40. f3 g6 41. g4 fxg4 42. fxg4 Be7 43. Bd2 Bf6 44. Be3
a5 45. Bd2 a4 46. Be3 b4 47. Bd2 Be7 48. Bc1 Bd8 49. Bd2 b3 50. axb3 axb3
51. Bc1 Ba5 52. Ba3 Be1 53. Bb2 1/2-1/2

[Event "33rd Rilton Cup"]
[Site "Stockholm SWE"]
[Date "2003.12.02"]
[Round "6"]
[White "Soderberg,P"]
[Black "Ask,J"]
[Result "1-0"]
[WhiteElo "2254"]
[BlackElo "2164"]
[EventDate "2003.12.27"]

1. e4 e5 2. Nf3 Nc6 3. c3 Nf6 4. d4 Nxe4 5. d5 Ne7 6. Nxe5 Ng6 7. Qf3 Nxe5
8. Qxe4 Qe7 9. Be3 Ng6 10. Qd4 Nh4 11. Qf4 d6 12. Bb5+ Bd7 13. Bxd7+ Kxd7
14. O-O Re8 15. Nd2 a6 16. Rae1 Kc8 17. Qg4+ f5 18. Qh3 Kd8 19. g3 f4 20.
Bxf4 Qxe1 21. Bg5+ Be7 22. Rxe1 Bxg5 23. Rxe8+ Rxe8 24. f4 1-0

[Event "33rd Rilton Cup"]
[Site "Stockholm SWE"]
[Date "2003.12.02"]
[Round "6"]
[White "Andersson,Bj2"]
[Black "Nyback,T"]
[Result "0-1"]
[WhiteElo "2212"]
[BlackElo "2497"]
[EventDate "2003.12.27"]

1. e4 g6 2. d4 Bg7 3. Nc3 d6 4. Be3 a6 5. Qd2 Nd7 6. Bc4 b5 7. Bb3 Ngf6 8.
Nf3 b4 9. Ng5 O-O 10. Nd5 h6 11. e5 hxg5 12. exf6 Nxf6 13. Nxf6+ Bxf6 14.
Bxg5 e5 15. Bxf6 Qxf6 16. O-O-O a5 17. Ba4 c5 18. dxe5 dxe5 19. Qe3 Be6 20.
Rd6 c4 21. Rhd1 c3 22. Bd7 cxb2+ 23. Kb1 a4 24. Bxe6 fxe6 25. Qh3 b3 26.
cxb3 axb3 27. Qxb3 Qf5+ 28. Qd3 e4 29. g4 Qxg4 30. Qb3 Rxf2 31. Rxe6 Rf7
32. Rf6 Raf8 33. Rxf7 Rxf7 34. Rd8+ Kg7 35. Qxb2+ Rf6 36. a4 e3 37. Qb7+
Rf7 38. Qb2+ Rf6 39. Qb7+ Rf7 40. Qb2+ Rf6 41. Qb7+ Kh6 42. Rh8+ Kg5 43.
h4+ Kf4 44. Re8 Qd1+ 45. Kb2 Qd4+ 0-1

[Event "33rd Rilton Cup"]
[Site "Stockholm SWE"]
[Date "2003.12.02"]
[Round "6"]
[White "Gagarin,V"]
[Black "Moen,A"]
[Result "0-1"]
[WhiteElo "2439"]
[BlackElo "2239"]
[EventDate "2003.12.27"]

1. d4 d5 2. c4 dxc4 3. Nf3 Nf6 4. e3 e6 5. Bxc4 c5 6. O-O a6 7. a4 Nc6 8.
Qe2 cxd4 9. Rd1 Be7 10. exd4 O-O 11. Nc3 Nb4 12. Ne5 b6 13. h4 Nfd5 14. h5
Bg5 15. h6 gxh6 16. Qg4 Kh8 17. f4 f5 18. Qh5 Bf6 19. Nf7+ Rxf7 20. Qxf7
Nc2 21. Bxd5 exd5 22. Nxd5 Bg7 23. Ra3 Nxa3 24. Re1 Bd7 25. Re7 Qf8 26.
Qxf8+ Rxf8 27. Rxd7 Bxd4+ 28. Be3 Bxb2 29. Bxb6 Nc4 30. Bc5 Rc8 31. Be7 Rc6
32. Bf8 Nb6 33. Ne7 Nxd7 34. Nxc6 Nxf8 35. Kf2 Ne6 36. g3 Bc3 37. Ke3 Nc5
38. Ne7 Nxa4 39. Nxf5 Nc5 40. Nxh6 a5 41. Nf7+ Kg7 42. Nd6 a4 43. Nb5 Bb2
44. Kd2 a3 45. Kc2 Ne4 46. g4 Nf2 47. g5 Nh3 0-1